000 00457nam a2200157 i 4500
001 26648
003 ES-MaACL
005 20230906153458.0
007 t|
008 030110s1972 sp ||||1| cat d
100 1 _aArumí Blancafort, Luis.
_923507
245 1 3 _aLa guerra dels carlins vista per un infant /
_cLluis Arumí Blancafort.
260 _aGranollers :
_bEd. Alpina,
_c[1972]
300 _a165 p. ;
_c19 cm.
852 _aES-MaACL
_jC-51759
_bR.83751
999 _c26648
_d26648